000 00303nam a22001337a 4500
008 170929b xxu||||| |||| 00| 0 eng d
020 _a9780764142352
041 _aeng
080 _210TH
_a37
100 _a47
101 _aEDU
245 _aMAT MILLER ANALOGIES TEST
_cSTERNBERG,R.J
942 _2udc
_cBK
999 _c30727
_d30727